Statistics for Pokemon whose evolution are in a different generation

Click here to take the quiz!

General Stats

  • This quiz has been taken 26 times
    (21 since last reset)
  • The average score is 81 of 104

Answer Stats

GenerationTypeEvo% Correct
2ElectricPichu
93%
4RockBonsly
86%
1NormalChansey
86%
1FairyClefairy
86%
2FairyCleffa
86%
1NormalEevee
86%
2ElectricElekid
86%
2PsychicEspeon
86%
4Ice/GhostFroslass
86%
4IceGlaceon
86%
1FightingHitmonlee
86%
2Normal/FairyIgglybuff
86%
1Normal/FairyJigglypuff
86%
2Water/DragonKingdra
86%
4GrassLeafeon
86%
1Electric/SteelMagneton
86%
4Psychic/FairyMime Jr.
86%
1Psychic/FairyMr Mime
86%
1ElectricPikachu
86%
1Rock/GroundRhydon
86%
4Rock/GroundRhyperior
86%
4Grass/PoisonRoserade
86%
2Bug/SteelScizor
86%
1Bug/FlyingScyther
86%
2Dark/IceSneasel
86%
1NormalSnorlax
86%
3IceSnorunt
86%
2RockSudowoodo
86%
6FairySylveon
86%
1GrassTangela
86%
4GrassTangrowth
86%
2FightingTyrogue
86%
2DarkUmbreon
86%
4Dark/IceWeavile
86%
3Normal/FairyAzurill
79%
2NormalBlissey
79%
4Grass/PoisonBudew
79%
2Poison/FlyingCrobat
79%
3GhostDusclops
79%
4GhostDusknoir
79%
1ElectricElectabuzz
79%
4ElectricElectivire
79%
4Psychic/FightingGallade
79%
1Grass/PoisonGloom
79%
1Poison/FlyingGolbat
79%
4NormalHappiny
79%
1FightingHitmonchan
79%
1Ice/PsychicJynx
79%
3PsychicKirlia
79%
2FireMagby
79%
1FireMagmar
79%
4FireMagmortar
79%
4Electric/SteelMagnezone
79%
4Ice/GroundMamoswine
79%
2Water/FairyMarill
79%
4NormalMunchlax
79%
1Rock/GroundOnix
79%
3Grass/PoisonRoselia
79%
1WaterSeadra
79%
2Water/PsychicSlowking
79%
1Water/PsychicSlowpoke
79%
2Steel/GroundSteelix
79%
4Bug/FlyingYanmega
79%
8Psychic/FlyingBraviary
71%
3PsychicChimecho
71%
4Ground/FlyingGliscor
71%
4Dark/FlyingHonchkrow
71%
8Bug/RockKleavor
71%
4NormalLickilicky
71%
1NormalLickitung
71%
2Water/FlyingMantine
71%
4Water/FlyingMantyke
71%
2GhostMisdreavus
71%
4GhostMismagius
71%
2Dark/FlyingMurkrow
71%
3RockNosepass
71%
2Ice/GroundPiloswine
71%
1WaterPoliwhirl
71%
1NormalPorygon
71%
2NormalPorygon2
71%
4NormalPorygon Z
71%
4Rock/SteelProbopass
71%
5Normal/FlyingRufflet
71%
2Ice/PsychicSmoochum
71%
4Fairy/FlyingTogekiss
71%
2Fairy/FlyingTogetic
71%
2Bug/FlyingYanma
71%
2GrassBellossom
64%
4PsychicChingling
64%
2Ground/FlyingGligar
64%
2WaterPolitoed
64%
1NormalStantler
64%
8Normal/GroundUrsaluna
64%
2NormalUrsaring
64%
8Normal/PsychicWyrdeer
64%
2NormalAipom
57%
4NormalAmbipom
57%
2PsychicWobbuffet
57%
3PsychicWynaut
57%

Score Distribution

Percentile by Number Answered

Percent of People with Each Score

Your Score History

You have not taken this quiz since the last reset